00445nam a22001457a 450000500170000000800410001704100130005808200150007110000130008624500700009925000240016926000480019330000320024165000260027320231102084835.0231102b |||||||| |||| 00| 0 eng d aEnglish  a346.6 PAL  lEnglish  aPalmer's Company Precedents /cKW Mackinnon and R Buchanan-Dunlop aSeventeenth Edition aLondon : bStevens and Sons Limited,c1956  bciv, 1293 pages ; c26 cm.  aLegal practice bLaw